Statistics for Korean: Oppa 2

Click here to take the quiz!

General Stats

  • This quiz has been taken 131 times
  • The average score is 7 of 15

Answer Stats

Answer% Correct
Choi Siwon
81%
Choi Min-ho
78%
Nam Joo-hyuk
69%
Lee Kwang-soo
63%
Ji Soo
62%
Lee Seung-Gi
60%
Kim Bum
59%
Yook Sung-jae
52%
So Ji-sub
42%
Cha Tae-Hyun
36%
Kim Rae-won
32%
Park Hae-jin
29%
Yoo Ah In
26%
Song Seung-heon
14%
Song Il-gook
8%

Score Distribution

Percentile by Number Answered

Percent of People with Each Score

Your Score History

You have not taken this quiz